000 01219nam a2200289 a 4500
001 13240
003 BD-JhCC
005 20230731094839.0
008 230731s2022 bg a|||| |||| 000 0 ben d
020 _a9789843518446
035 _a(BD-JhCC)13240
040 _aBD-JhCC
_dBD-JhCC
041 _aben
082 _a609.1767
_bALH 2022
100 _aআল-হাসসানি, প্রফেসর সেলিম টি এস
245 _aমুসলিম সভ্যতায় ১০০১ আবিষ্কার /
_cপ্রফেসর সেলিম টি এস আল-হাসসানি; অনুবাদক মিরাজ রহমান এবং মো. আবুল বাশার
260 _aঢাকা :
_bসুলতানস,
_c২০২২
300 _a৩৭৬ পৃ.:
_bচিত্রবালী;
_c২২ সেমি.
504 _aগ্রন্থপঞ্জি সংযোজিত।
650 _aMuslim scientists
650 _aIslamic civilization
650 _aCivilization--Islamic influences
650 _aIslam and science
700 _aরহমান,মিরাজ
700 _aআবুল বাশার, মো.
942 _2ddc
_cBK
999 _c13240
_d13240